000 00980nam a2200205Ii 4500
003 JO-AjNU
008 230605s9999||||xx |||||||||||||| ||und||
040 _aJO-AjNU
_bara
_erda
_cJO-AjNU
041 _aara
050 1 4 _aHG4521 2002
100 3 _aجامعة المنصورة، كلية التجارة، برعاية: عمرو موسى، مفيد شهاب,
_eauthor
_917302
245 0 0 _aالمؤتمر العلمي السنوي الثامن عشر الدولي تطوير مناخ الاستثمار في الدول العربية في ظل التحديات المعاصرة
264 3 1 _aالقاهرة: جامعة المنصورة، 2002
300 _aالترقيم كل بحث على حدا
336 _atext
_btxt
_2rdacontent
337 _aunmediated
_bn
_2rdamedia
338 _avolume
_bnc
_2rdacarrier
490 0 _aالمؤتمر العلمي السنوي الثامن عشر الدولي
650 4 _aالاستثمار - الخدمات الاجتماعية
_917303
999 _aA5316
_c8884
_d8884